[Event "Igualada op 14th"]
[Site "Igualada"]
[Date "2019.03.02"]
[Round "8"]
[White "Busom Isach, Carlos"]
[Black "Clotet Torrelles, Ramon"]
[Result "1-0"]
[WhiteElo "2067"]
[BlackElo "1847"]
[PlyCount "111"]
[EventDate "2019.01.12"]
[EventType "swiss"]
[EventRounds "8"]
[EventCountry "ESP"]
[SourceTitle "CBM 189 Extra"]
[Source "ChessBase"]
[SourceDate "2019.05.31"]
[SourceVersion "1"]
[SourceVersionDate "2019.05.31"]
[SourceQuality "1"]

1. d4 d5 2. c4 e6 3. Nc3 Nf6 4. Bg5 Nbd7 5. e3 Be7 6. Nf3 c6 7. Rc1 Ne4 8. Bf4 g5 9. Be5 f6 10. Bg3 h5 11. h3 Nxg3 12. fxg3 Qc7 13. Kf2 Bd6 14. cxd5 Bxg3+ 15. Kg1 exd5 16. Nxd5 Qd6 17. Nc3 Qe7 18. Qd3 f5 19. e4 Nb6 20. Nd2 h4 21. a4 fxe4 22. Ndxe4 Bf5 23. Be2 0-0 24. Bg4 Bf2+ 25. Kh2 Qc7+ 26. g3 Bxg3+ 27. Kg2 Bxg4 28. hxg4 Bf4 29. Rhe1 Rad8 30. Nc5 Bd2 31. Qg6+ Qg7 32. Qxg7+ Kxg7 33. Ne6+ Kg8 34. Rcd1 Nc4 35. Nxf8 Rxf8 36. Rxd2 Nxd2 37. Rd1 Nc4 38. Re1 Rf4 39. Kh3 Rf3+ 40. Kh2 Nxb2 41. Ne4 Nxa4 42. Nxg5 Rf4 43. Re8+ Rf8 44. Re7 Rf2+ 45. Kh3 Rb2 46. Kxh4 Nc3 47. Ne6 Nd5 48. Rg7+ Kh8 49. Rf7 Re2 50. Rf8+ Kh7 51. Ng5+ Kg7 52. Rf7+ Kg6 53. Rxb7 Nf4 54. Nf3 Re3 55. Ne5+ Kf6 56. Rf7+ 1-0

[Event "Igualada op 14th"]
[Site "Igualada"]
[Date "2019.02.16"]
[Round "6"]
[White "De Paz San Martin, Jose Angel"]
[Black "Clotet Torrelles, Ramon"]
[Result "0-1"]
[WhiteElo "1954"]
[BlackElo "1847"]
[PlyCount "92"]
[EventDate "2019.01.12"]
[EventType "swiss"]
[EventRounds "8"]
[EventCountry "ESP"]
[SourceTitle "CBM 189 Extra"]
[Source "ChessBase"]
[SourceDate "2019.05.31"]
[SourceVersion "1"]
[SourceVersionDate "2019.05.31"]
[SourceQuality "1"]

1. d4 d5 2. c4 e6 3. Nc3 Nf6 4. Bg5 Nbd7 5. Nf3 Be7 6. e3 0-0 7. Bd3 c6 8. cxd5 exd5 9. 0-0 Ne4 10. Bxe4 Bxg5 11. Nxg5 Qxg5 12. Bd3 f5 13. f4 Qe7 14. Rf3 Nf6 15. Qc2 Ne4 16. Raf1 Bd7 17. h3 Rae8 18. Bxe4 dxe4 19. R3f2 Be6 20. a3 Bc4 21. Rc1 Rd8 22. Qa4 b5 23. Qa5 Bb3 24. Nb1 Rf6 25. Nd2 Bd5 26. Rc5 Rb8 27. Rf1 Qd8 28. Qxd8+ Rxd8 29. b4 Rb8 30. Rb1 Kf8 31. Nb3 Bxb3 32. Rxb3 g6 33. Rbc3 Rb6 34. g4 Ke7 35. d5 Kd7 36. Kf2 fxg4 37. hxg4 Rd6 38. dxc6+ Rbxc6 39. Rxc6 Rxc6 40. Rxc6 Kxc6 41. Kg3 Kd5 42. f5 gxf5 43. gxf5 Ke5 44. Kg4 h6 45. f6 Kxf6 46. Kf4 h5 0-1

[Event "Igualada Anoia op 13th"]
[Site "Igualada"]
[Date "2018.02.24"]
[Round "7"]
[White "Clotet Torrelles, Ramon"]
[Black "Soidan Parcerisas, Manel"]
[Result "1-0"]
[WhiteElo "1888"]
[BlackElo "1836"]
[PlyCount "81"]
[EventDate "2018.01.13"]
[EventType "swiss"]
[EventRounds "8"]
[EventCountry "ESP"]
[SourceTitle "CBM 187 Extra"]
[Source "ChessBase"]
[SourceDate "2018.11.04"]
[SourceVersion "1"]
[SourceVersionDate "2018.11.04"]
[SourceQuality "1"]

1. Nf3 Nc6 2. d4 Nf6 3. c3 e5 4. dxe5 Ng4 5. Bf4 Bc5 6. e3 Qe7 7. Qd5 f6 8. exf6 Nxf6 9. Qd3 0-0 10. Nbd2 d5 11. Bg5 d4 12. Bxf6 Rxf6 13. Ne4 dxe3 14. Qd5+ Kh8 15. Nxc5 Bg4 16. Nd3 Rd8 17. Qc4 Bxf3 18. gxf3 Rxf3 19. 0-0-0 e2 20. Bxe2 Qxe2 21. Rhe1 Ne5 22. Nxe5 Rxd1+ 23. Rxd1 Qxc4 24. Rd8+ Qg8 25. Rxg8+ Kxg8 26. Nxf3 Kf7 27. Kd2 Kf6 28. Ke3 Kf5 29. h3 g5 30. Ng1 h5 31. f3 c5 32. Ne2 a5 33. Ng3+ Kg6 34. f4 g4 35. hxg4 hxg4 36. f5+ Kg5 37. Ke4 b5 38. Ke5 a4 39. a3 c4 40. f6 b4 41. f7 1-0

[Event "Catalunya-ch Seniors"]
[Site "Vila Seca"]
[Date "2016.05.26"]
[Round "6"]
[White "Clotet Torrelles, Ramon"]
[Black "Coll Enriquez, Lluis"]
[Result "0-1"]
[WhiteElo "1954"]
[BlackElo "2171"]
[PlyCount "34"]
[EventDate "2016.05.21"]
[EventType "swiss"]
[EventRounds "9"]
[EventCountry "ESP"]
[SourceTitle "CBM 172 Extra"]
[Source "ChessBase"]
[SourceDate "2016.06.21"]
[SourceVersion "1"]
[SourceVersionDate "2016.06.21"]
[SourceQuality "1"]

1. d4 d6 2. Bf4 Nf6 3. e3 g6 4. Be2 Bg7 5. h3 c5 6. c3 Be6 7. dxc5 Nd5 8. cxd6 Nxf4 9. exf4 exd6 10. Nf3 Qb6 11. Qa4+ Nd7 12. Qb5 Qc7 13. Nd4 Bxd4 14. cxd4 Qc1+ 15. Bd1 0-0 16. d5 a6 17. Qb3 Bxd5 0-1

[Event "Catalunya-ch Seniors"]
[Site "Vila Seca"]
[Date "2016.05.24"]
[Round "4"]
[White "Clotet Torrelles, Ramon"]
[Black "Buxade Roca, Guillermo"]
[Result "0-1"]
[WhiteElo "1954"]
[BlackElo "2052"]
[PlyCount "50"]
[EventDate "2016.05.21"]
[EventType "swiss"]
[EventRounds "9"]
[EventCountry "ESP"]
[SourceTitle "CBM 172 Extra"]
[Source "ChessBase"]
[SourceDate "2016.06.21"]
[SourceVersion "1"]
[SourceVersionDate "2016.06.21"]
[SourceQuality "1"]

1. d4 Nf6 2. Bf4 c5 3. e3 Qb6 4. b3 e6 5. Nf3 Nc6 6. c3 Be7 7. Bd3 h6 8. 0-0 d5 9. Nbd2 Bd7 10. Ne5 g5 11. Bg3 Nxe5 12. dxe5 Ng8 13. Qh5 0-0-0 14. e4 Be8 15. Qe2 h5 16. h3 h4 17. Bh2 g4 18. Qxg4 dxe4 19. Nc4 Qc7 20. Bxe4 Nh6 21. Qg7 Bc6 22. Nd6+ Kb8 23. Bxc6 Qxc6 24. Nxf7 Rdg8 25. Qxh8 Qxg2# 0-1

[Event "Igualada op 11th"]
[Site "Igualada"]
[Date "2016.01.30"]
[Round "3"]
[White "Serrano Carmona, Alfonso"]
[Black "Clotet Torrelles, Ramon"]
[Result "1/2-1/2"]
[WhiteElo "1675"]
[BlackElo "1964"]
[PlyCount "45"]
[EventDate "2016.01.16"]
[EventType "swiss"]
[EventRounds "8"]
[EventCountry "ESP"]
[SourceTitle "EXT 2017"]
[Source "ChessBase"]
[SourceDate "2016.10.25"]
[SourceVersion "1"]
[SourceVersionDate "2016.10.25"]
[SourceQuality "1"]

1. e4 c6 2. d4 d5 3. Nd2 dxe4 4. Nxe4 Bf5 5. Ng3 Bg6 6. h4 h6 7. Nf3 Nd7 8. h5 Bh7 9. Bd3 Bxd3 10. Qxd3 Qc7 11. Bd2 Ngf6 12. 0-0-0 e6 13. Qe2 0-0-0 14. Ne5 Nxe5 15. dxe5 Nd7 16. f4 Be7 17. Ne4 Nc5 18. Nxc5 Bxc5 19. Be3 Qb6 20. Bxc5 Qxc5 21. g4 Rd4 22. Rxd4 Qxd4 23. Qd2 1/2-1/2

[Event "Tarrega Tardor op 1st"]
[Site "Tarrega"]
[Date "2015.10.30"]
[Round "5"]
[White "Ponsarnau Marquilles, Jaume"]
[Black "Clotet Torrelles, Ramon"]
[Result "0-1"]
[WhiteElo "2039"]
[BlackElo "2095"]
[PlyCount "96"]
[EventDate "2015.10.02"]
[EventType "swiss"]
[EventRounds "8"]
[EventCountry "ESP"]
[SourceTitle "CBM 169 Extra"]
[Source "ChessBase"]
[SourceDate "2015.12.18"]
[SourceVersion "1"]
[SourceVersionDate "2015.12.18"]
[SourceQuality "1"]

1. d4 d5 2. c4 e6 3. Nc3 Nf6 4. Nf3 Nbd7 5. c5 c6 6. Bf4 Nh5 7. Bd2 b6 8. cxb6 axb6 9. e3 Be7 10. Rc1 f5 11. a3 0-0 12. g3 g6 13. Be2 Bb7 14. Rc2 Ng7 15. h4 Qb8 16. Na2 Bf6 17. Nb4 Qd6 18. Nd3 c5 19. Qc1 Rfc8 20. Nf4 e5 21. Nh3 e4 22. Nh2 cxd4 23. exd4 Bxd4 24. Bb4 Bc5 25. Bd2 Ne6 26. Nf4 Nd4 27. Rc3 Nxe2 28. Nxe2 d4 29. Rc4 Ne5 30. 0-0 Nxc4 31. Qxc4+ Qd5 32. Qxd5+ Bxd5 33. b4 Be7 34. Nf4 Bc4 35. Ra1 Bf6 36. a4 d3 37. Re1 Rxa4 38. Nf1 Ra1 39. Ne3 Rxe1+ 40. Bxe1 Kf7 41. Kg2 Be6 42. Bd2 Bc3 43. Bxc3 Rxc3 44. h5 d2 45. Nd1 Rc1 46. hxg6+ hxg6 47. Ne3 d1Q 48. Nxd1 Rxd1 0-1

[Event "Tarrega Tardor op 1st"]
[Site "Tarrega"]
[Date "2015.10.16"]
[Round "3"]
[White "Coria Gonzalez, Pedro"]
[Black "Clotet Torrelles, Ramon"]
[Result "0-1"]
[WhiteElo "1880"]
[BlackElo "2095"]
[PlyCount "93"]
[EventDate "2015.10.02"]
[EventType "swiss"]
[EventRounds "8"]
[EventCountry "ESP"]
[SourceTitle "CBM 169 Extra"]
[Source "ChessBase"]
[SourceDate "2015.12.18"]
[SourceVersion "1"]
[SourceVersionDate "2015.12.18"]
[SourceQuality "1"]

1. e4 c6 2. d4 d5 3. exd5 cxd5 4. c4 Nf6 5. cxd5 Nxd5 6. Bc4 e6 7. Nf3 Nc6 8. Ne5 Bb4+ 9. Bd2 Nxe5 10. dxe5 Bxd2+ 11. Qxd2 Qc7 12. Bb5+ Bd7 13. Bxd7+ Qxd7 14. 0-0 Rd8 15. Nc3 Nxc3 16. Qxc3 0-0 17. f4 Qb5 18. Rf3 Rc8 19. Qb3 Qc5+ 20. Qe3 Rfd8 21. Qxc5 Rxc5 22. Raf1 Kf8 23. f5 Rxe5 24. fxe6 f6 25. g4 Rd2 26. R3f2 Ree2 27. Rxe2 Rxe2 28. Rc1 Rxe6 29. Rc8+ Kf7 30. Kf2 Rb6 31. Rc2 Kg6 32. h3 h5 33. gxh5+ Kxh5 34. Kf3 g5 35. Kg3 f5 36. b3 Rd6 37. Rc3 b6 38. Kf3 a5 39. Kg3 Re6 40. Kf3 f4 41. Rc7 Re3+ 42. Kf2 Rxh3 43. Kg2 Kg4 44. Rc4 Rd3 45. Rc2 Re3 46. Kf2 Rh3 47. Rc4 0-1

[Event "Catalunya-ch Seniors 31st"]
[Site "Santa Susanna"]
[Date "2015.05.24"]
[Round "2"]
[White "Clotet Torrelles, Ramon"]
[Black "Buxade Roca, Guillermo"]
[Result "0-1"]
[WhiteElo "2106"]
[BlackElo "2235"]
[PlyCount "92"]
[EventDate "2015.05.23"]
[EventType "swiss"]
[EventRounds "9"]
[EventCountry "ESP"]
[SourceTitle "CBM 166 Extra"]
[Source "ChessBase"]
[SourceDate "2015.06.18"]
[SourceVersion "1"]
[SourceVersionDate "2015.06.18"]
[SourceQuality "1"]

1. d4 Nf6 2. Bf4 e6 3. Nd2 c5 4. e3 Nc6 5. Ngf3 b6 6. Nc4 cxd4 7. Nd6+ Bxd6 8. Bxd6 Ne4 9. Ba3 dxe3 10. fxe3 d5 11. Bb5 Bd7 12. 0-0 Qc7 13. Qe2 f6 14. c4 Ne7 15. cxd5 Nxd5 16. Rac1 Bxb5 17. Qxb5+ Qd7 18. Qd3 Nc5 19. Bxc5 bxc5 20. Rxc5 0-0 21. e4 Qe7 22. Rfc1 Nf4 23. Qe3 e5 24. Qb3+ Qf7 25. Qxf7+ Rxf7 26. Rc8+ Rf8 27. Rxa8 Rxa8 28. Rc7 a5 29. g3 Nd3 30. b3 a4 31. Rc3 axb3 32. axb3 Ra1+ 33. Kg2 Ra2+ 34. Kg1 Nf2 35. Re3 Ng4 36. Rd3 Re2 37. h3 Nf2 38. Rd8+ Kf7 39. Kf1 Rb2 40. Rd2 Rxd2 41. Nxd2 Nxh3 42. Kg2 Ng5 43. Kf2 Ke6 44. Ke3 Kd6 45. Kd3 Kc5 46. Kc3 h5 0-1

[Event "Vilafranca del Penedes op 6th"]
[Site "Vilafranca del Penedes"]
[Date "2012.05.25"]
[Round "7"]
[White "Clotet Torrelles, Ramon"]
[Black "Rocamora Bages, Albert"]
[Result "1-0"]
[WhiteElo "1981"]
[BlackElo "1790"]
[PlyCount "67"]
[EventDate "2012.04.13"]
[EventType "swiss"]
[EventRounds "8"]
[EventCountry "ESP"]
[SourceTitle "CBM 148 Extra"]
[Source "ChessBase"]
[SourceDate "2012.06.22"]
[SourceVersion "1"]
[SourceVersionDate "2012.06.22"]
[SourceQuality "1"]

1. d4 Nf6 2. Bf4 Nh5 3. Bg3 g6 4. e4 c5 5. dxc5 Na6 6. c3 Nxc5 7. Qd4 Qb6 8. b4 Nxe4 9. Qxe4 Bg7 10. Be2 Nf6 11. Qd3 0-0 12. Nd2 d5 13. Ngf3 a6 14. Ne5 Bf5 15. Qd4 Qd8 16. 0-0 Rc8 17. Rac1 Bh6 18. f4 Bg7 19. Bf2 Rc7 20. c4 Qc8 21. Nb3 Rd8 22. cxd5 Rxd5 23. Qb6 Rc2 24. Rxc2 Qxc2 25. Nd4 Rxd4 26. Bxd4 Qxe2 27. Qxb7 Be4 28. Qc8+ Bf8 29. Bf2 Kg7 30. Qc4 Qd2 31. Qxf7+ Kh6 32. Qxf8+ Kh5 33. h3 Bf5 34. Qxe7 1-0

[Event "Vilafranca del Penedes op 3rd"]
[Site "Vilafranca del Penedes"]
[Date "2009.05.29"]
[Round "6.9"]
[White "Molano Lafuente, Ismael"]
[Black "Clotet Torrelles, Ramon"]
[Result "0-1"]
[WhiteElo "2082"]
[BlackElo "1945"]
[PlyCount "102"]
[EventDate "2009.04.17"]
[EventType "swiss"]
[EventRounds "8"]
[EventCountry "ESP"]
[SourceTitle "EXT 2024"]
[Source "ChessBase"]
[SourceDate "2023.10.10"]
[SourceVersion "1"]
[SourceVersionDate "2023.10.10"]
[SourceQuality "1"]

1. e4 e5 2. Nf3 d6 3. d4 Nd7 4. c3 c6 5. Bd3 Be7 6. Be3 Ngf6 7. h3 Qc7 8. Nbd2 d5 9. Nxe5 Nxe5 10. dxe5 Nxe4 11. Nf3 h6 12. Qc2 Ng5 13. Nxg5 hxg5 14. 0-0-0 Qxe5 15. Rhe1 Be6 16. Kb1 Qc7 17. Bf5 Bxf5 18. Qxf5 Qd7 19. Qxd7+ Kxd7 20. c4 b6 21. cxd5 c5 22. f4 gxf4 23. Bxf4 Bf6 24. Kc2 Rae8 25. b3 Rxe1 26. Rxe1 Rh5 27. Rd1 Rf5 28. Bg3 Bd4 29. b4 Rg5 30. bxc5 Bxc5 31. Rd3 Bd6 32. Bxd6 Rxg2+ 33. Kb3 Kxd6 34. a4 f5 35. Rf3 g6 36. Rd3 f4 37. Rd4 g5 38. h4 gxh4 39. Rxf4 h3 40. Kc4 h2 41. Rf6+ Ke5 42. Rh6 Rc2+ 43. Kb5 Kxd5 44. Rh7 Ke4 45. Ka6 Ra2 46. Kxa7 Rxa4+ 47. Kxb6 Ra2 48. Kc5 Rd2 49. Kc4 Kf3 50. Rf7+ Kg2 51. Rg7+ Kf1 0-1

[Event "Vilafranca del Penedes op 2nd"]
[Site "Vilafranca del Penedes"]
[Date "2008.05.23"]
[Round "6.6"]
[White "Clotet Torrelles, Ramon"]
[Black "Gallego Montes, Antonio"]
[Result "0-1"]
[WhiteElo "2002"]
[BlackElo "1983"]
[PlyCount "126"]
[EventDate "2008.04.11"]
[EventType "swiss"]
[EventRounds "8"]
[EventCountry "ESP"]
[SourceTitle "EXT 2024"]
[Source "ChessBase"]
[SourceDate "2023.10.10"]
[SourceVersion "1"]
[SourceVersionDate "2023.10.10"]
[SourceQuality "1"]

1. d4 e6 2. Bf4 d5 3. e3 c6 4. c3 b6 5. Bd3 Ba6 6. Bxa6 Nxa6 7. Qa4 Qc8 8. Nf3 b5 9. Qc2 Nf6 10. Nbd2 Nh5 11. Bg3 Nxg3 12. hxg3 h6 13. e4 Be7 14. e5 c5 15. Qd3 Qb7 16. g4 cxd4 17. Nxd4 Nc5 18. Qxb5+ Qxb5 19. Nxb5 Rb8 20. Nxa7 Nd3+ 21. Ke2 Nxe5 22. f4 Nxg4 23. Nc6 Rxb2 24. Rab1 Rxb1 25. Rxb1 Kd7 26. Rb7+ Kxc6 27. Rxe7 Rf8 28. a4 Nf6 29. Nf3 Nd7 30. Ne5+ Nxe5 31. fxe5 Ra8 32. Rxf7 Rxa4 33. Rxg7 Re4+ 34. Kd3 Rxe5 35. g4 Rg5 36. Rh7 Rg6 37. Ke3 Kd6 38. Kf3 Ke5 39. Rh8 Rf6+ 40. Ke3 Rg6 41. Kf3 Kf6 42. Rd8 Rg7 43. Rh8 Kg5 44. Kg3 Rc7 45. Rg8+ Kf6 46. Rf8+ Ke5 47. Rf3 Rg7 48. Re3+ Kd6 49. Kf4 Rg5 50. Rh3 e5+ 51. Kf3 Rg6 52. Rh5 Rf6+ 53. Ke3 Re6 54. Kf3 e4+ 55. Ke3 Kc5 56. Kf4 Kc4 57. Rh3 Rf6+ 58. Ke5 Rf3 59. Rxh6 Rxc3 60. g5 Rg3 61. Kf4 Rf3+ 62. Ke5 e3 63. Rc6+ Kd3 0-1

[Event "Catalunya-chT"]
[Site "Spain"]
[Date "2004.??.??"]
[Round "4"]
[White "Clotet Torrelles, Ramon"]
[Black "Perez Lopez, Jesus Maria"]
[Result "0-1"]
[WhiteElo "2155"]
[BlackElo "2245"]
[PlyCount "62"]
[EventDate "2004.??.??"]
[EventType "team-tourn"]
[EventRounds "9"]
[EventCountry "ESP"]
[SourceTitle "EXT 2007"]
[Source "ChessBase"]
[SourceDate "2006.11.23"]
[SourceVersion "1"]
[SourceVersionDate "2006.11.23"]
[SourceQuality "1"]

1. d4 Nf6 2. Nf3 e6 3. Bf4 b6 4. e3 Bb7 5. Bd3 Be7 6. Nbd2 d5 7. Ne5 0-0 8. Qf3 c5 9. c3 Nbd7 10. h4 Rc8 11. Rh3 Ne8 12. h5 Nxe5 13. dxe5 Bc6 14. h6 g6 15. Qg4 b5 16. Nf3 b4 17. Bg5 bxc3 18. bxc3 Rb8 19. Bxe7 Qxe7 20. Ng5 Rb2 21. e4 Nc7 22. exd5 Bxd5 23. c4 Bc6 24. Be4 Bxe4 25. Nxe4 Rd8 26. Nd6 Ne8 27. Ne4 Rd4 28. Rc3 Qb7 29. f3 Rb1+ 30. Rxb1 Qxb1+ 31. Kf2 Qb2+ 0-1

[Event "Catalunya-chT"]
[Site "Spain"]
[Date "2004.??.??"]
[Round "1"]
[White "Coll Frances, Jesus"]
[Black "Clotet Torrelles, Ramon"]
[Result "1-0"]
[WhiteElo "2250"]
[BlackElo "2155"]
[PlyCount "51"]
[EventDate "2004.??.??"]
[EventType "team-tourn"]
[EventRounds "9"]
[EventCountry "ESP"]
[SourceTitle "EXT 2007"]
[Source "ChessBase"]
[SourceDate "2006.11.23"]
[SourceVersion "1"]
[SourceVersionDate "2006.11.23"]
[SourceQuality "1"]

1. e4 d6 2. d4 c6 3. f4 Qc7 4. Nf3 Bg4 5. Be2 Bxf3 6. Bxf3 e5 7. Nc3 Nd7 8. 0-0 exd4 9. Qxd4 Qb6 10. Be3 Qxd4 11. Bxd4 c5 12. Bf2 0-0-0 13. Rad1 a6 14. e5 dxe5 15. fxe5 Be7 16. Bg3 h5 17. Nd5 f6 18. Be4 h4 19. Be1 c4 20. Bf5 Bc5+ 21. Bf2 Bxf2+ 22. Rxf2 Nh6 23. Bxd7+ Kxd7 24. exf6 gxf6 25. Rxf6 Ng4 26. Ne3+ 1-0

[Event "Catalunya-chT"]
[Site "Spain"]
[Date "2004.??.??"]
[Round "3"]
[White "Jardi Talarn, Joan Salvador"]
[Black "Clotet Torrelles, Ramon"]
[Result "0-1"]
[WhiteElo "2100"]
[BlackElo "2155"]
[PlyCount "106"]
[EventDate "2004.??.??"]
[EventType "team-tourn"]
[EventRounds "9"]
[EventCountry "ESP"]
[SourceTitle "EXT 2007"]
[Source "ChessBase"]
[SourceDate "2006.11.23"]
[SourceVersion "1"]
[SourceVersionDate "2006.11.23"]
[SourceQuality "1"]

1. d4 d5 2. Nf3 Nf6 3. c4 e6 4. Nc3 Nbd7 5. Bg5 Be7 6. e3 0-0 7. cxd5 exd5 8. Bd3 c6 9. 0-0 Ne4 10. Bxe7 Qxe7 11. Qc2 Re8 12. Rab1 Nf8 13. b4 a6 14. a4 Bf5 15. Rfc1 Ng6 16. Bxe4 Bxe4 17. Nxe4 dxe4 18. Nd2 Qe6 19. Qc4 f5 20. Qxe6+ Rxe6 21. b5 axb5 22. axb5 Ra2 23. bxc6 Rxc6 24. Rxc6 bxc6 25. Nb3 Kf7 26. Rc1 Rb2 27. Na5 Ne7 28. h3 Rb6 29. Kh2 Ke6 30. Kg3 g5 31. h4 h6 32. hxg5 hxg5 33. f4 gxf4+ 34. exf4 Rb5 35. Nxc6 Nxc6 36. Rxc6+ Kd5 37. Rc8 Kxd4 38. Rd8+ Ke3 39. Re8 Rb7 40. Rg8 Ke2 41. Rg5 Rb3+ 42. Kh4 Rb5 43. g4 Kf3 44. Rxf5 Rxf5 45. gxf5 e3 46. f6 e2 47. f7 e1Q+ 48. Kg5 Qe7+ 49. Kg6 Qf8 50. f5 Kf4 51. Kf6 Ke4 52. Ke6 Qd8 53. f6 Qf8 0-1